Main Series Kirby Copy Abilities - Statistics

General Stats
  • This quiz has been taken 158 times
    55 since last reset
  • The average score is 49 of 71
Answer Stats
Debut Game Copy Ability % Correct
Kirby's Adventure Fire
100%
Kirby's Adventure Fireball
100%
Kirby's Adventure Freeze
100%
Kirby's Adventure Ice
100%
Kirby's Adventure Cutter
98%
Kirby's Adventure Sword
98%
Kirby's Adventure Hammer
90%
Kirby's Return To Dream Land Water
90%
Kirby: Squeak Squad Animal
85%
Kirby's Adventure Crash
85%
Kirby's Adventure Stone
85%
Kirby's Adventure Ball
83%
Kirby's Adventure Beam
83%
Kirby's Adventure Tornado
83%
Kirby's Adventure Wheel
83%
Kirby Super Star Fighter
80%
Kirby Super Star Mirror
80%
Kirby And The Forgotten Land Drill
78%
Kirby's Return To Dream Land Leaf
78%
Kirby's Return To Dream Land Deluxe Mecha
78%
Kirby Super Star Ninja
78%
Kirby Super Star Wing
78%
Kirby Super Star Bomb
76%
Kirby: Squeak Squad Metal
76%
Kirby's Adventure Mike
76%
Kirby Super Star Paint
76%
Kirby And The Forgotten Land Ranger
76%
Kirby's Return To Dream Land Spear
76%
Kirby's Adventure U.F.O.
76%
Kirby: Triple Deluxe Archer
73%
Kirby: Squeak Squad Bubble
73%
Kirby's Dream Land 3 Cleaning
73%
Kirby's Adventure Spark
73%
Kirby Super Star Yo-Yo
73%
Kirby: Triple Deluxe Beetle
71%
Kirby & The Amazing Mirror Magic
71%
Kirby & The Amazing Mirror Smash
71%
Kirby's Return To Dream Land Whip
71%
Kirby Super Star Cook
68%
Kirby: Squeak Squad Ghost
68%
Kirby Super Star Jet
68%
Kirby's Adventure Needle
68%
Kirby's Adventure Parasol
68%
Kirby Super Star Plasma
68%
Kirby Star Allies Spider
68%
Kirby: Planet Robobot Doctor
66%
Kirby's Adventure Hi-Jump
66%
Kirby: Planet Robobot Poison
66%
Kirby's Adventure Sleep
66%
Kirby Super Star Suplex
66%
Kirby Star Allies Artist
63%
Kirby: Planet Robobot ESP
63%
Kirby's Adventure Light
63%
Kirby: Triple Deluxe Circus
61%
Kirby Star Allies Festival
61%
Kirby's Adventure Throw
61%
Kirby: Triple Deluxe Bell
59%
Kirby's Adventure Laser
59%
Kirby Star Allies Staff
56%
Kirby Super Star Copy
54%
Kirby & The Amazing Mirror Cupid
54%
Kirby: Triple Deluxe Hypernova
54%
Kirby & The Amazing Mirror Mini
54%
Kirby's Adventure Backdrop
51%
Kirby & The Amazing Mirror Missile
49%
Kirby's Adventure Star Rod
46%
Kirby's Dream Land 3 Love-Love Stick
32%
Kirby: Squeak Squad Triple Star
32%
Kirby & The Amazing Mirror Master
27%
Kirby Super Star Starship
22%
Kirby's Dream Land 2 Rainbow Sword
20%
No matching quizzes found
Score Distribution
Percent of People with Each Score
Percentile by Number Answered
Your Score History
You have not taken this quiz since the last reset